[Event "EYCC 2024 - O10"]
[Site "?"]
[Date "2024.08.23"]
[Round "2.1"]
[White "Zhang, Yiming"]
[Black "Llari, Marc"]
[Result "1/2-1/2"]
[BlackElo "2224"]
[WhiteElo "1810"]
[LiveChessVersion "1.4.8"]

1. e4 {[%clk 1:30:34]} c5 {[%clk 1:30:57]} 2. Nf3 {[%clk 1:30:43]} Nc6
{[%clk 1:31:23]} 3. d4 {[%clk 1:30:48]} cxd4 {[%clk 1:31:49]} 4. Nxd4
{[%clk 1:31:09]} Nf6 {[%clk 1:32:15]} 5. Nc3 {[%clk 1:31:33]} e5 {[%clk 1:32:39]}
6. Ndb5 {[%clk 1:31:59]} d6 {[%clk 1:33:03]} 7. Bg5 {[%clk 1:32:18]} a6
{[%clk 1:33:28]} 8. Na3 {[%clk 1:32:45]} b5 {[%clk 1:33:52]} 9. Nab1
{[%clk 1:33:05]} Be7 {[%clk 1:33:23]} 10. Bxf6 {[%clk 1:31:55]} Bxf6
{[%clk 1:33:47]} 11. a4 {[%clk 1:32:14]} b4 {[%clk 1:34:01]} 12. Nd5
{[%clk 1:32:36]} Rb8 {[%clk 1:30:56]} 13. Bc4 {[%clk 1:31:37]} Na5
{[%clk 1:26:50]} 14. Ba2 {[%clk 1:26:23]} O-O {[%clk 1:25:19]} 15. O-O
{[%clk 1:24:56]} Bg5 {[%clk 1:25:17]} 16. Nd2 {[%clk 1:22:36]} Bxd2
{[%clk 1:22:12]} 17. Qxd2 {[%clk 1:22:33]} b3 {[%clk 1:22:34]} 18. Bxb3
{[%clk 1:22:55]} Nxb3 {[%clk 1:22:20]} 19. cxb3 {[%clk 1:21:53]} Rxb3
{[%clk 1:21:30]} 20. Qc2 {[%clk 1:16:28]} Rb8 {[%clk 1:18:34]} 21. b4
{[%clk 1:15:41]} Be6 {[%clk 1:17:56]} 22. Qd3 {[%clk 1:12:05]} Bxd5
{[%clk 1:17:52]} 23. exd5 {[%clk 1:12:26]} Qb6 {[%clk 1:12:53]} 24. Rfc1
{[%clk 1:09:47]} Qxb4 {[%clk 1:04:45]} 25. Qxa6 {[%clk 1:08:49]} f5
{[%clk 1:04:39]} 26. h3 {[%clk 1:06:05]} Rbd8 {[%clk 1:02:26]} 27. Rc7
{[%clk 1:00:31]} e4 {[%clk 0:58:58]} 28. Qc4 {[%clk 0:45:54]} Qd2
{[%clk 0:56:57]} 29. Qc3 {[%clk 0:42:32]} Qxc3 {[%clk 0:54:07]} 30. Rxc3
{[%clk 0:42:47]} Rf7 {[%clk 0:54:25]} 31. a5 {[%clk 0:41:30]} Ra7
{[%clk 0:54:01]} 32. Rc6 {[%clk 0:41:43]} Kf7 {[%clk 0:54:12]} 33. a6
{[%clk 0:41:12]} Kf6 {[%clk 0:54:10]} 34. Rb1 {[%clk 0:40:18]} Ke5
{[%clk 0:52:52]} 35. Rb5 {[%clk 0:40:24]} g5 {[%clk 0:51:22]} 36. Kf1
{[%clk 0:40:10]} f4 {[%clk 0:50:29]} 37. Ke2 {[%clk 0:39:04]} Kd4
{[%clk 0:48:37]} 38. Kd2 {[%clk 0:36:59]} Rdd7 {[%clk 0:47:09]} 39. Ke2
{[%clk 0:35:54]} h5 {[%clk 0:47:08]} 40. f3 {[%clk 0:30:06]} exf3+
{[%clk 0:46:09]} 41. Kxf3 {[%clk 0:30:19]} Ke5 {[%clk 0:46:25]} 42. Ra5
{[%clk 0:30:25]} Kf5 {[%clk 0:46:31]} 43. Rc8 {[%clk 0:25:30]} g4+
{[%clk 0:45:26]} 44. hxg4+ {[%clk 0:23:49]} hxg4+ {[%clk 0:45:48]} 45. Kf2
{[%clk 0:24:15]} Re7 {[%clk 0:44:15]} 46. Rf8+ {[%clk 0:24:09]} Ke5
{[%clk 0:43:07]} 47. Rg8 {[%clk 0:20:16]} Kf5 1/2-1/2

[Event "EYCC 2024 - O10"]
[Site "?"]
[Date "2024.08.23"]
[Round "2.2"]
[White "Orman, Attila"]
[Black "Buklaho, Ignacy"]
[Result "1/2-1/2"]
[BlackElo "1813"]
[WhiteElo "2090"]
[LiveChessVersion "1.4.8"]

1. e4 {[%clk 1:30:57]} c5 {[%clk 1:30:45]} 2. Nf3 {[%clk 1:31:22]} e6
{[%clk 1:31:06]} 3. d4 {[%clk 1:31:46]} cxd4 {[%clk 1:31:30]} 4. Nxd4
{[%clk 1:32:11]} Nf6 {[%clk 1:31:52]} 5. Nc3 {[%clk 1:32:36]} Nc6
{[%clk 1:32:15]} 6. a3 {[%clk 1:33:01]} d5 {[%clk 1:31:29]} 7. Bb5
{[%clk 1:33:19]} Bd7 {[%clk 1:31:02]} 8. exd5 {[%clk 1:32:53]} Nxd5
{[%clk 1:29:46]} 9. Nxd5 {[%clk 1:31:27]} exd5 {[%clk 1:29:58]} 10. O-O
{[%clk 1:31:46]} Be7 {[%clk 1:29:50]} 11. c4 {[%clk 1:23:08]} dxc4
{[%clk 1:26:53]} 12. Nxc6 {[%clk 1:21:11]} bxc6 {[%clk 1:25:29]} 13. Bxc4
{[%clk 1:20:38]} O-O {[%clk 1:24:49]} 14. Be3 {[%clk 1:18:43]} Qc7
{[%clk 1:22:18]} 15. Qf3 {[%clk 1:15:30]} Bf6 {[%clk 1:18:12]} 16. Rad1
{[%clk 1:15:08]} Rad8 {[%clk 1:12:36]} 17. Rfe1 {[%clk 0:58:59]} Qa5
{[%clk 0:58:06]} 18. b4 {[%clk 0:58:20]} Qxa3 {[%clk 0:56:44]} 19. Bc5
{[%clk 0:27:28]} Qxf3 {[%clk 0:57:03]} 20. gxf3 {[%clk 0:27:52]} Rfe8
{[%clk 0:57:26]} 21. Rxe8+ {[%clk 0:27:52]} Bxe8 {[%clk 0:57:41]} 22. Re1
{[%clk 0:27:34]} Bd7 {[%clk 0:55:21]} 23. Bxa7 {[%clk 0:26:26]} Bh3
{[%clk 0:54:19]} 24. Bb6 {[%clk 0:26:24]} Ra8 {[%clk 0:52:22]} 25. b5
{[%clk 0:24:23]} cxb5 {[%clk 0:51:08]} 26. Bxb5 {[%clk 0:20:11]} Ra1
{[%clk 0:51:06]} 27. Rxa1 {[%clk 0:20:27]} Bxa1 {[%clk 0:51:30]} 28. f4
{[%clk 0:20:51]} Bc3 {[%clk 0:51:16]} 29. f3 {[%clk 0:19:46]} Bf5
{[%clk 0:50:57]} 30. Kf2 {[%clk 0:20:14]} g6 {[%clk 0:50:51]} 31. Ke3
{[%clk 0:20:05]} Kg7 1/2-1/2

[Event "EYCC 2024 - O10"]
[Site "?"]
[Date "2024.08.23"]
[Round "2.3"]
[White "Uzdemir, Ali Poyraz"]
[Black "Lampos, Charalampos"]
[Result "1-0"]
[BlackElo "1807"]
[WhiteElo "2008"]
[LiveChessVersion "1.4.8"]

1. e4 {[%clk 1:30:58]} e5 {[%clk 1:30:52]} 2. Nf3 {[%clk 1:31:24]} Nc6
{[%clk 1:31:12]} 3. Bc4 {[%clk 1:31:48]} Bc5 {[%clk 1:31:33]} 4. c3
{[%clk 1:32:13]} Nf6 {[%clk 1:31:48]} 5. d3 {[%clk 1:32:34]} O-O {[%clk 1:31:50]}
6. Nbd2 {[%clk 1:32:48]} d6 {[%clk 1:32:02]} 7. h3 {[%clk 1:33:04]} a6
{[%clk 1:31:53]} 8. a4 {[%clk 1:33:21]} Be6 {[%clk 1:29:58]} 9. b4
{[%clk 1:31:46]} Ba7 {[%clk 1:30:20]} 10. O-O {[%clk 1:28:40]} Ne7
{[%clk 1:25:24]} 11. Qb3 {[%clk 1:14:17]} Bxc4 {[%clk 1:21:57]} 12. Nxc4
{[%clk 1:08:50]} Ng6 {[%clk 1:19:54]} 13. Ne3 {[%clk 0:52:06]} c6
{[%clk 1:17:45]} 14. Nf5 {[%clk 0:41:50]} h6 {[%clk 1:06:30]} 15. Re1
{[%clk 0:37:52]} Qd7 {[%clk 1:06:35]} 16. Be3 {[%clk 0:34:25]} Bxe3
{[%clk 1:05:35]} 17. Rxe3 {[%clk 0:32:17]} Rfe8 {[%clk 1:04:19]} 18. Rae1
{[%clk 0:29:40]} Rad8 {[%clk 1:03:13]} 19. N3h4 {[%clk 0:27:37]} Nxh4
{[%clk 0:58:05]} 20. Nxh4 {[%clk 0:28:02]} Qe6 {[%clk 0:57:58]} 21. c4
{[%clk 0:23:53]} Nh5 {[%clk 0:41:39]} 22. Qd1 {[%clk 0:22:08]} Nf4
{[%clk 0:40:04]} 23. Qf3 {[%clk 0:19:05]} Qf6 {[%clk 0:39:08]} 24. Nf5
{[%clk 0:15:19]} d5 {[%clk 0:37:52]} 25. Qg4 {[%clk 0:12:01]} h5 {[%clk 0:32:41]}
26. Qg3 {[%clk 0:10:35]} dxc4 {[%clk 0:26:57]} 27. dxc4 {[%clk 0:10:13]} Rd2
{[%clk 0:26:13]} 28. Qf3 {[%clk 0:10:19]} Red8 {[%clk 0:24:44]} 29. c5
{[%clk 0:08:14]} Rb2 {[%clk 0:16:54]} 30. Rb3 {[%clk 0:06:56]} Rxb3
{[%clk 0:16:43]} 31. Qxb3 {[%clk 0:07:21]} Rd3 {[%clk 0:16:37]} 32. Qc2
{[%clk 0:06:30]} Qg5 {[%clk 0:15:36]} 33. Ne3 {[%clk 0:04:34]} Rd4
{[%clk 0:11:10]} 34. Kh2 {[%clk 0:04:16]} Nd3 {[%clk 0:10:07]} 35. Re2
{[%clk 0:02:32]} Nxb4 {[%clk 0:09:56]} 36. Qc3 {[%clk 0:01:41]} Qf4+
{[%clk 0:09:46]} 37. g3 {[%clk 0:01:30]} Qxe4 {[%clk 0:09:16]} 38. Qb2
{[%clk 0:01:59]} Qf3 {[%clk 0:08:04]} 39. Ng2 {[%clk 0:02:03]} Nd3
{[%clk 0:06:55]} 40. Qc2 {[%clk 0:01:58]} Nb4 {[%clk 0:06:27]} 41. Qb2
{[%clk 0:02:20]} Qd5 {[%clk 0:06:31]} 42. f4 {[%clk 0:02:22]} e4 {[%clk 0:05:30]}
43. Ne3 {[%clk 0:02:41]} Qxc5 {[%clk 0:05:45]} 44. Nf5 {[%clk 0:02:52]} Qxf5
{[%clk 0:04:40]} 45. Qxd4 {[%clk 0:03:19]} Nd5 {[%clk 0:04:46]} 46. Qxe4
{[%clk 0:03:18]} Qf6 {[%clk 0:04:37]} 47. Qe5 {[%clk 0:03:32]} Qxe5
{[%clk 0:02:33]} 48. Rxe5 {[%clk 0:03:58]} b5 {[%clk 0:02:02]} 49. Re8+
{[%clk 0:04:01]} Kh7 {[%clk 0:02:17]} 50. Rc8 {[%clk 0:03:33]} Nb4
{[%clk 0:00:50]} 51. axb5 {[%clk 0:02:10]} cxb5 {[%clk 0:01:19]} 52. Kg2
{[%clk 0:02:26]} Nd3 {[%clk 0:00:45]} 53. Kf3 {[%clk 0:02:43]} a5
{[%clk 0:00:59]} 54. Ke2 {[%clk 0:02:52]} Nb4 {[%clk 0:01:16]} 55. Rc5
{[%clk 0:03:11]} g6 {[%clk 0:00:42]} 56. Rxb5 {[%clk 0:03:30]} Nc6
{[%clk 0:01:08]} 57. Rc5 {[%clk 0:02:53]} Nd4+ {[%clk 0:01:25]} 58. Kf2
{[%clk 0:03:00]} Nb3 {[%clk 0:01:27]} 59. Rb5 {[%clk 0:02:51]} a4
{[%clk 0:01:56]} 60. Ke3 {[%clk 0:02:26]} Kg7 {[%clk 0:01:47]} 61. Rb4
{[%clk 0:02:28]} Nc5 {[%clk 0:01:55]} 62. Rc4 {[%clk 0:02:53]} Nd7
{[%clk 0:01:54]} 63. Rxa4 {[%clk 0:03:18]} Nf6 {[%clk 0:02:16]} 64. Ra5
{[%clk 0:03:43]} Ne8 {[%clk 0:01:30]} 65. Ra6 {[%clk 0:04:02]} Nc7
{[%clk 0:01:49]} 66. Rd6 {[%clk 0:04:24]} Ne8 {[%clk 0:02:06]} 67. Rc6
{[%clk 0:04:51]} Nf6 {[%clk 0:02:29]} 68. Kd4 {[%clk 0:05:08]} Ng8
{[%clk 0:02:41]} 69. Rc7 {[%clk 0:04:19]} Kf6 {[%clk 0:02:30]} 70. Rc6+
{[%clk 0:04:36]} Kg7 {[%clk 0:02:50]} 71. Ra6 {[%clk 0:04:18]} Ne7
{[%clk 0:03:05]} 72. g4 {[%clk 0:04:41]} hxg4 {[%clk 0:03:16]} 73. hxg4
{[%clk 0:05:07]} Kg8 {[%clk 0:02:49]} 74. Ke5 {[%clk 0:05:24]} Kg7
{[%clk 0:03:16]} 75. Rb6 {[%clk 0:05:20]} Ng8 {[%clk 0:02:41]} 76. f5
{[%clk 0:05:32]} Nh6 {[%clk 0:02:41]} 77. f6+ {[%clk 0:05:39]} Kh7
{[%clk 0:03:03]} 78. Kf4 {[%clk 0:06:03]} Kh8 {[%clk 0:03:06]} 79. Kg5
{[%clk 0:06:24]} Kh7 {[%clk 0:03:25]} 80. Rb1 {[%clk 0:06:48]} 1-0

[Event "EYCC 2024 - O10"]
[Site "?"]
[Date "2024.08.23"]
[Round "2.4"]
[White "Gazic, Petar"]
[Black "Ivanovic, Leonid"]
[Result "1-0"]
[BlackElo "2006"]
[WhiteElo "1801"]
[LiveChessVersion "1.4.8"]

1. e4 {[%clk 1:30:33]} c5 {[%clk 1:30:43]} 2. Nf3 {[%clk 1:30:47]} e6
{[%clk 1:30:46]} 3. d4 {[%clk 1:30:46]} cxd4 {[%clk 1:31:05]} 4. Nxd4
{[%clk 1:30:58]} a6 {[%clk 1:30:59]} 5. Be2 {[%clk 1:27:13]} Nf6 6. Bf3
{[%clk 1:15:07]} Qc7 {[%clk 1:29:00]} 7. O-O {[%clk 1:14:06]} Nc6
{[%clk 1:27:24]} 8. Nc3 {[%clk 1:12:46]} Ne5 {[%clk 1:23:01]} 9. Bf4
{[%clk 1:11:20]} Rg8 {[%clk 1:13:41]} 10. Bg3 {[%clk 1:06:30]} g5
{[%clk 1:08:58]} 11. Be2 {[%clk 1:05:02]} h5 {[%clk 1:05:04]} 12. f4
{[%clk 0:58:16]} gxf4 {[%clk 1:02:30]} 13. Rxf4 {[%clk 0:58:28]} Nfg4
{[%clk 1:01:25]} 14. Bxg4 {[%clk 0:58:26]} hxg4 {[%clk 1:01:38]} 15. Nb3
{[%clk 0:53:04]} Bd6 {[%clk 0:57:21]} 16. Rf1 {[%clk 0:47:36]} b5
{[%clk 0:43:55]} 17. Qd4 {[%clk 0:40:55]} Qa7 {[%clk 0:40:55]} 18. Qxa7
{[%clk 0:39:28]} Rxa7 {[%clk 0:41:24]} 19. Nd4 b4 {[%clk 0:36:18]} 20. Na4
{[%clk 0:38:26]} Bc7 {[%clk 0:30:37]} 21. Nb3 {[%clk 0:33:23]} d6
{[%clk 0:28:22]} 22. Bxe5 {[%clk 0:32:59]} dxe5 {[%clk 0:28:42]} 23. Nbc5
{[%clk 0:32:20]} Bb8 {[%clk 0:27:12]} 24. Nd3 {[%clk 0:30:10]} Rc7
{[%clk 0:16:40]} 25. Nxb4 {[%clk 0:27:44]} Rc4 {[%clk 0:14:12]} 26. c3
{[%clk 0:27:11]} a5 {[%clk 0:14:27]} 27. b3 {[%clk 0:27:28]} Rxe4
{[%clk 0:14:31]} 28. Nc6 {[%clk 0:26:23]} Bc7 {[%clk 0:14:07]} 29. Rae1
{[%clk 0:25:21]} Rxe1 {[%clk 0:11:56]} 30. Rxe1 {[%clk 0:25:37]} g3
{[%clk 0:10:56]} 31. h3 {[%clk 0:22:57]} Rg5 {[%clk 0:10:24]} 32. b4
{[%clk 0:21:27]} axb4 {[%clk 0:07:58]} 33. cxb4 {[%clk 0:21:28]} Bd7
{[%clk 0:08:19]} 34. b5 {[%clk 0:20:30]} e4 {[%clk 0:08:27]} 35. Nc3
{[%clk 0:20:23]} Bb6+ {[%clk 0:03:39]} 36. Kh1 {[%clk 0:20:38]} e3
{[%clk 0:03:02]} 37. Ne4 {[%clk 0:20:17]} Bxc6 {[%clk 0:00:49]} 38. Nxg5
{[%clk 0:20:02]} Bd5 {[%clk 0:00:46]} 39. a4 {[%clk 0:18:57]} Bb3
{[%clk 0:00:54]} 40. a5 {[%clk 0:18:20]} Bc5 {[%clk 0:00:37]} 41. Ne4
{[%clk 0:18:08]} Bd4 {[%clk 0:00:37]} 42. Nxg3 {[%clk 0:17:58]} Bc4
{[%clk 0:00:56]} 43. b6 {[%clk 0:17:44]} Kd7 {[%clk 0:01:01]} 44. Nf1
{[%clk 0:16:48]} e2 {[%clk 0:01:02]} 45. Nd2 {[%clk 0:15:45]} Bc3
{[%clk 0:00:48]} 46. Nf3 {[%clk 0:15:54]} Bxe1 {[%clk 0:00:38]} 47. Nxe1
{[%clk 0:16:18]} Kc6 {[%clk 0:00:39]} 48. h4 {[%clk 0:16:26]} Bd5
{[%clk 0:00:35]} 49. h5 {[%clk 0:16:12]} Kb7 {[%clk 0:00:34]} 50. Kg1
{[%clk 0:16:31]} Be4 {[%clk 0:00:33]} 51. Kf2 {[%clk 0:16:51]} Ka6
{[%clk 0:00:59]} 52. h6 {[%clk 0:17:04]} e5 {[%clk 0:00:46]} 53. Kxe2
{[%clk 0:17:23]} Bg6 {[%clk 0:01:11]} 54. Nf3 {[%clk 0:17:35]} f6
{[%clk 0:01:36]} 55. g4 {[%clk 0:17:50]} Bc2 {[%clk 0:01:06]} 56. g5
{[%clk 0:18:04]} e4 {[%clk 0:01:20]} 57. gxf6 {[%clk 0:18:13]} exf3+
{[%clk 0:01:38]} 58. Kxf3 {[%clk 0:18:36]} Bg6 {[%clk 0:02:06]} 59. h7
{[%clk 0:18:51]} Bxh7 {[%clk 0:02:26]} 60. f7 {[%clk 0:18:58]} Be4+
{[%clk 0:02:47]} 61. Ke3 {[%clk 0:19:13]} Kxa5 {[%clk 0:03:10]} 62. f8=Q
{[%clk 0:19:32]} Kxb6 {[%clk 0:03:36]} 63. Kxe4 {[%clk 0:19:36]} Kc6
{[%clk 0:04:00]} 64. Qf5 {[%clk 0:19:52]} Kd6 {[%clk 0:04:23]} 65. Kd4
{[%clk 0:20:11]} Kc6 66. Qc5+ {[%clk 0:20:30]} Kb7 {[%clk 0:05:16]} 67. Qd6
{[%clk 0:20:47]} Ka7 {[%clk 0:05:31]} 68. Qb4 {[%clk 0:21:09]} Ka8
{[%clk 0:05:47]} 69. Kc5 {[%clk 0:21:31]} Ka7 {[%clk 0:06:14]} 70. Kc6
{[%clk 0:21:54]} Ka6 {[%clk 0:06:35]} 71. Qb6# {[%clk 0:22:19]} 1-0

[Event "EYCC 2024 - O10"]
[Site "?"]
[Date "2024.08.23"]
[Round "2.5"]
[White "Kolodziejczyk, Boris"]
[Black "Zargaran, Sepas"]
[Result "1-0"]
[BlackElo "1780"]
[WhiteElo "1983"]
[LiveChessVersion "1.4.8"]

1. e4 {[%clk 1:30:49]} e5 {[%clk 1:30:56]} 2. Nf3 {[%clk 1:31:05]} Nc6
{[%clk 1:31:15]} 3. Bb5 {[%clk 1:31:00]} a6 {[%clk 1:31:20]} 4. Ba4
{[%clk 1:31:15]} Nf6 {[%clk 1:31:11]} 5. O-O {[%clk 1:31:38]} Be7
{[%clk 1:30:02]} 6. Re1 {[%clk 1:31:23]} d6 {[%clk 1:30:21]} 7. Bxc6+
{[%clk 1:28:38]} bxc6 {[%clk 1:30:12]} 8. d4 {[%clk 1:28:55]} exd4
{[%clk 1:28:21]} 9. Nxd4 {[%clk 1:28:13]} c5 {[%clk 1:26:08]} 10. Nc6
{[%clk 1:24:44]} Qd7 {[%clk 1:25:50]} 11. Nxe7 {[%clk 1:23:12]} Qxe7
{[%clk 1:26:09]} 12. Bf4 {[%clk 1:14:34]} O-O {[%clk 1:23:44]} 13. e5
{[%clk 1:12:51]} dxe5 {[%clk 1:23:21]} 14. Bxe5 {[%clk 1:11:55]} Be6
{[%clk 1:18:35]} 15. Nc3 {[%clk 1:10:09]} Rfd8 {[%clk 1:14:35]} 16. Qf3
{[%clk 1:08:10]} Ne8 {[%clk 1:14:10]} 17. Qg3 {[%clk 1:06:01]} f6
{[%clk 1:12:29]} 18. Bf4 {[%clk 1:05:26]} Qf7 {[%clk 1:00:49]} 19. Qe3
{[%clk 1:00:51]} Bf5 {[%clk 0:57:44]} 20. Qxc5 {[%clk 1:00:10]} Bxc2
{[%clk 0:56:39]} 21. Re7 {[%clk 0:59:20]} Qf8 {[%clk 0:55:09]} 22. Rae1
{[%clk 0:58:07]} Rac8 {[%clk 0:54:07]} 23. Qc4+ {[%clk 0:53:07]} Kh8
{[%clk 0:53:18]} 24. Qxa6 {[%clk 0:51:56]} Nd6 {[%clk 0:49:02]} 25. Bxd6
{[%clk 0:49:35]} cxd6 {[%clk 0:48:11]} 26. h4 {[%clk 0:45:13]} d5
{[%clk 0:48:12]} 27. Nxd5 {[%clk 0:42:54]} Ra8 {[%clk 0:44:54]} 28. Qe2
{[%clk 0:42:32]} Bg6 {[%clk 0:43:20]} 29. Nc3 {[%clk 0:42:32]} Qxe7 30. Qxe7 Re8
{[%clk 0:43:45]} 31. Qxe8+ {[%clk 0:39:22]} Rxe8 {[%clk 0:44:08]} 32. Rxe8+
{[%clk 0:39:45]} Bxe8 {[%clk 0:44:31]} 33. f3 {[%clk 0:39:45]} Kg8
{[%clk 0:44:52]} 34. Kf2 {[%clk 0:40:15]} Kf7 {[%clk 0:45:09]} 35. Ke3
{[%clk 0:40:43]} Ke6 {[%clk 0:45:38]} 36. Kd4 {[%clk 0:40:57]} g5
{[%clk 0:45:38]} 37. g3 {[%clk 0:41:21]} gxh4 {[%clk 0:45:36]} 38. gxh4
{[%clk 0:41:50]} Bh5 {[%clk 0:45:44]} 39. f4 {[%clk 0:40:41]} Kf5
{[%clk 0:44:04]} 40. Nd5 {[%clk 0:40:25]} Be8 {[%clk 0:43:13]} 41. b3
{[%clk 0:40:29]} Bc6 {[%clk 0:43:26]} 42. Ne7+ {[%clk 0:40:54]} 1-0

[Event "EYCC 2024 - O10"]
[Site "?"]
[Date "2024.08.23"]
[Round "2.6"]
[White "Blekh, Erik"]
[Black "Wu, Chenshan"]
[Result "1/2-1/2"]
[BlackElo "1976"]
[WhiteElo "1755"]
[LiveChessVersion "1.4.8"]

1. Nf3 {[%clk 1:30:50]} d5 {[%clk 1:30:56]} 2. g3 {[%clk 1:30:59]} Bg4
{[%clk 1:31:20]} 3. Bg2 {[%clk 1:30:50]} Nd7 {[%clk 1:31:45]} 4. d4
{[%clk 1:29:47]} e6 {[%clk 1:31:32]} 5. O-O {[%clk 1:29:06]} Ngf6
{[%clk 1:31:55]} 6. c4 {[%clk 1:27:56]} c6 {[%clk 1:32:08]} 7. Nc3
{[%clk 1:26:10]} Bd6 {[%clk 1:32:27]} 8. Re1 {[%clk 1:24:50]} O-O
{[%clk 1:32:00]} 9. h3 {[%clk 1:19:39]} Bf5 {[%clk 1:31:02]} 10. Nh4
{[%clk 1:17:03]} Bg6 {[%clk 1:27:19]} 11. Nxg6 {[%clk 1:15:40]} hxg6
{[%clk 1:27:30]} 12. Bg5 {[%clk 1:13:38]} Qa5 {[%clk 1:24:19]} 13. Qd2
{[%clk 1:05:03]} Rad8 {[%clk 1:18:59]} 14. Nxd5 {[%clk 0:58:16]} Qa6
{[%clk 1:00:32]} 15. Nxf6+ {[%clk 0:55:40]} Nxf6 {[%clk 1:00:30]} 16. Qc3
{[%clk 0:53:01]} Qa4 {[%clk 0:57:02]} 17. a3 {[%clk 0:51:07]} Be7
{[%clk 0:52:13]} 18. h4 {[%clk 0:49:26]} Rd7 {[%clk 0:48:59]} 19. Rad1
{[%clk 0:45:02]} Rfd8 {[%clk 0:48:26]} 20. e3 {[%clk 0:39:59]} Nh7
{[%clk 0:36:26]} 21. Bxe7 {[%clk 0:39:48]} Rxe7 {[%clk 0:35:26]} 22. e4
{[%clk 0:34:48]} Rc7 {[%clk 0:32:45]} 23. b4 {[%clk 0:29:31]} Nf6
{[%clk 0:30:26]} 24. Qe3 {[%clk 0:24:25]} Rcd7 {[%clk 0:27:44]} 25. Qc3
{[%clk 0:21:07]} Kh7 {[%clk 0:17:02]} 26. Rd2 {[%clk 0:18:23]} Re7
{[%clk 0:11:24]} 27. Red1 {[%clk 0:17:44]} Rc7 {[%clk 0:10:51]} 28. Qe3
{[%clk 0:15:54]} Re7 {[%clk 0:10:07]} 1/2-1/2

[Event "EYCC 2024 - O10"]
[Site "?"]
[Date "2024.08.23"]
[Round "2.7"]
[White "Pasula, Milos"]
[Black "Feseniuk, Pavlo"]
[Result "1-0"]
[BlackElo "1755"]
[WhiteElo "1974"]
[LiveChessVersion "1.4.8"]

1. d4 {[%clk 1:30:55]} Nf6 {[%clk 1:30:56]} 2. c4 {[%clk 1:31:22]} g6
{[%clk 1:31:21]} 3. Nc3 {[%clk 1:31:46]} Bg7 {[%clk 1:31:46]} 4. e4
{[%clk 1:32:11]} d6 {[%clk 1:32:08]} 5. Be2 {[%clk 1:32:31]} O-O {[%clk 1:32:25]}
6. h4 {[%clk 1:32:51]} c5 {[%clk 1:32:49]} 7. d5 {[%clk 1:33:13]} e6
{[%clk 1:32:43]} 8. h5 {[%clk 1:33:31]} exd5 {[%clk 1:32:40]} 9. exd5
{[%clk 1:33:49]} Re8 {[%clk 1:32:03]} 10. hxg6 {[%clk 1:33:35]} fxg6
{[%clk 1:31:36]} 11. Bh6 {[%clk 1:33:07]} Bh8 {[%clk 1:31:17]} 12. Kf1
{[%clk 1:32:30]} Nbd7 {[%clk 1:28:01]} 13. Bg5 {[%clk 1:27:50]} Qb6
{[%clk 1:24:01]} 14. Bxf6 {[%clk 1:24:36]} Nxf6 {[%clk 1:22:37]} 15. Qd2
{[%clk 1:23:58]} Bg7 {[%clk 1:21:28]} 16. Nh3 {[%clk 1:22:20]} Ne4
{[%clk 1:16:01]} 17. Nxe4 {[%clk 1:22:04]} Rxe4 {[%clk 1:15:51]} 18. Ng5
{[%clk 1:19:42]} Re7 {[%clk 1:10:23]} 19. Rxh7 {[%clk 1:14:50]} Bf5
{[%clk 1:01:19]} 20. g4 {[%clk 1:11:29]} Rae8 {[%clk 0:58:24]} 21. gxf5
{[%clk 1:06:36]} Rxe2 {[%clk 0:58:05]} 22. Rxg7+ {[%clk 1:06:49]} Kxg7
{[%clk 0:57:01]} 23. Qc3+ {[%clk 1:07:00]} R8e5 {[%clk 0:46:57]} 24. Ne6+
{[%clk 1:01:10]} Kf7 {[%clk 0:41:30]} 25. fxg6+ {[%clk 1:01:18]} Kxg6
{[%clk 0:39:54]} 26. Qg3+ {[%clk 1:01:43]} Kf5 {[%clk 0:39:15]} 27. Qf4+
{[%clk 1:02:06]} Kg6 {[%clk 0:38:58]} 28. Qg4+ {[%clk 1:02:31]} Kf6
{[%clk 0:37:26]} 29. f4 {[%clk 1:01:14]} Rxe6 {[%clk 0:29:23]} 30. Qg5+
{[%clk 1:00:12]} Kf7 {[%clk 0:29:24]} 31. dxe6+ {[%clk 0:59:41]} Rxe6
{[%clk 0:29:20]} 32. f5 {[%clk 0:56:41]} Rf6 {[%clk 0:29:26]} 33. Re1
{[%clk 0:56:31]} Qc7 {[%clk 0:29:07]} 34. Qh5+ {[%clk 0:56:51]} Kg7
{[%clk 0:28:21]} 35. Re8 {[%clk 0:56:56]} Rh6 {[%clk 0:25:11]} 36. Qg5+
{[%clk 0:55:00]} Kf7 {[%clk 0:24:53]} 37. Qg8+ {[%clk 0:54:17]} Kf6
{[%clk 0:25:02]} 38. Qe6+ {[%clk 0:54:21]} Kg5 {[%clk 0:25:11]} 39. Rg8+
{[%clk 0:54:39]} 1-0

[Event "EYCC 2024 - O10"]
[Site "?"]
[Date "2024.08.23"]
[Round "2.8"]
[White "Stoyanov, Victor"]
[Black "Li, Yunqi"]
[Result "0-1"]
[BlackElo "1968"]
[WhiteElo "1749"]
[LiveChessVersion "1.4.8"]

1. e4 {[%clk 1:30:59]} e6 {[%clk 1:30:53]} 2. d4 {[%clk 1:31:25]} d5
{[%clk 1:31:15]} 3. e5 {[%clk 1:31:50]} c5 {[%clk 1:31:36]} 4. c3
{[%clk 1:32:16]} Nc6 {[%clk 1:31:58]} 5. Nf3 {[%clk 1:32:38]} Bd7
{[%clk 1:32:10]} 6. a3 {[%clk 1:32:54]} f6 {[%clk 1:32:20]} 7. Bb5
{[%clk 1:32:15]} Qb6 {[%clk 1:30:25]} 8. Bxc6 {[%clk 1:32:00]} bxc6
{[%clk 1:30:30]} 9. O-O {[%clk 1:31:50]} c4 {[%clk 1:24:12]} 10. exf6
{[%clk 1:30:52]} gxf6 {[%clk 1:21:00]} 11. Re1 {[%clk 1:22:30]} Bd6
{[%clk 1:16:18]} 12. Nbd2 {[%clk 1:17:07]} Ne7 {[%clk 1:09:35]} 13. Nf1
{[%clk 1:15:44]} Ng6 {[%clk 1:06:20]} 14. Ng3 {[%clk 1:11:59]} O-O-O
{[%clk 1:02:35]} 15. Nh5 {[%clk 1:08:01]} Rhf8 {[%clk 0:58:59]} 16. b4
{[%clk 0:58:36]} Rde8 {[%clk 0:47:10]} 17. Be3 {[%clk 0:55:00]} Qc7
{[%clk 0:46:50]} 18. Ra2 {[%clk 0:46:21]} e5 {[%clk 0:42:17]} 19. dxe5
{[%clk 0:36:30]} Nxe5 {[%clk 0:41:44]} 20. Ng3 {[%clk 0:21:14]} Bg4
{[%clk 0:40:04]} 21. Rd2 {[%clk 0:15:34]} h5 {[%clk 0:39:19]} 22. Nf1
{[%clk 0:12:47]} Rg8 {[%clk 0:38:11]} 23. Kh1 {[%clk 0:13:04]} Nxf3
{[%clk 0:36:24]} 24. gxf3 {[%clk 0:13:10]} Bh3 {[%clk 0:36:49]} 25. Ng3
{[%clk 0:11:57]} h4 {[%clk 0:37:05]} 26. Rg1 {[%clk 0:11:32]} hxg3
{[%clk 0:37:24]} 27. fxg3 {[%clk 0:11:31]} Rxe3 {[%clk 0:37:39]} 28. b5
{[%clk 0:11:31]} Bf5 {[%clk 0:37:15]} 29. bxc6 {[%clk 0:11:29]} Rxf3
{[%clk 0:37:31]} 30. Rxd5 {[%clk 0:11:04]} Be4 {[%clk 0:37:52]} 31. Rd4
{[%clk 0:10:57]} Rf1+ {[%clk 0:38:08]} 32. Rxe4 {[%clk 0:11:10]} Rxd1
{[%clk 0:38:31]} 33. Rxd1 {[%clk 0:11:25]} Qxc6 {[%clk 0:38:56]} 34. Rdd4
{[%clk 0:11:09]} Re8 {[%clk 0:39:18]} 35. Rxc4 {[%clk 0:11:21]} Bc5
{[%clk 0:39:32]} 36. Rxc5 {[%clk 0:11:26]} Qxc5 {[%clk 0:39:55]} 37. Rxe8+
{[%clk 0:11:48]} Kd7 {[%clk 0:40:11]} 38. Rh8 {[%clk 0:11:44]} Qxc3
{[%clk 0:40:37]} 39. Rh7+ {[%clk 0:11:56]} Ke6 {[%clk 0:41:02]} 40. Rxa7
{[%clk 0:12:07]} Qf3+ {[%clk 0:41:27]} 41. Kg1 {[%clk 0:12:20]} Qe3+
{[%clk 0:41:52]} 42. Kg2 {[%clk 0:12:30]} Qxa7 {[%clk 0:42:17]} 43. h4 Qh7 44. h5
Kf5 45. g4+ Kf4 46. h6 Qa7 47. Kh3 Qf2 48. h7 Qg3# 0-1